000 00541nam a2200169Ia 4500
005 20250508152821.0
008 008 250505s9999 xx 000 0 eng d
037 _aBooks to be hide in OPAC
040 _aFEDL
_beng
_cFEDL
041 _aeng
_2eng
084 _a630.62, IND/O
_qFEDL
245 0 _aReport of the Indian delegation to China on agrarian co-operatives
260 _aNew Delhi, India
_bGovernment of India Planning Commission
_c1957
300 _a233p.
942 _cHB
_h630.62, IND/O
999 _c1338938
_d1338938